MARC

LEADER 00000nam0a2200000 4500
001 119951
005 20231031124816.0
035 |a (RuTPU)RU\TPU\book\129871 
090 |a 119951 
100 |a 20070814d1961 km y0rusy50 ca 
101 0 |a rus 
102 |a AZ 
105 |a a z 001zy 
200 1 |a Основы разработки комплексных химических процессов и проектирования реакторов  |f М. Ф. Нагиев  |g под ред. А. В. Топичева 
210 |a Баку  |c Азербайджанское госуд. изд-во  |d 1961 
215 |a 490 с.  |c ил. 
320 |a Библиогр.: с.485. 
610 1 |a разработка 
610 1 |a химические процессы 
610 1 |a проектирование 
610 1 |a реакторы 
610 1 |a химическая технология 
610 1 |a химическая аппаратура 
610 1 |a расчет 
610 1 |a прикладная термодинамика 
610 1 |a химическая термодинамика 
610 1 |a химическая кинетика 
610 1 |a промышленные установки 
675 |a 66  |v 3 
675 |a 660.2  |v 3 
700 1 |a Нагиев  |b М. Ф.  |g Муртуза Фатуллаевич 
702 1 |a Топичев  |b А. В.  |4 340 
801 1 |a RU  |b 63413507  |c 20070814  |g PSBO 
801 2 |a RU  |b 63413507  |c 20080922  |g PSBO 
942 |c BK